[Event "IIFL Wealth 4th Mumbai GM"]
[Site "Mumbai"]
[Date "2019.01.01"]
[Round "3"]
[White "Rathnakaran, K.."]
[Black "Nikhil Magizhnan"]
[Result "1-0"]
[WhiteElo "2366"]
[BlackElo "2148"]
[Annotator "TA"]
[PlyCount "119"]
[EventDate "2018.12.30"]
[EventType "swiss"]
[EventCountry "IND"]
[SourceTitle "playchess.com"]
[Source "ChessBase"]
[SourceQuality "1"]

{[%evp 14,119,-9,-15,10,11,19,15,20,16,34,14,32,39,32,0,46,36,37,25,19,12,39,35,65,39,38,0,2,0,0,0,7,0,0,0,27,27,33,24,24,24,24,24,24,16,24,18,57,43,51,45,50,37,37,37,38,37,39,32,64,64,64,32,29,29,157,36,1025,125,122,130,133,90,81,90,79,79,79,73,73,72,265,67,205,0,265,265,265,265,280,280,1077,258,1031,399,1367,523,972,961,1132,1080,1347,1174,1361,1334,1072,1014]} 1. e4 c5 2. Nf3 d6 3. c3 Nf6 4. Be2 Nc6 5. d3 g6 6. O-O Bg7 7. a4 {B50: Sicilian: 2...d6, Miscellaneous} O-O 8. Na3 {LiveBook: 3 Games} Na5 $146 ({Predecessor:} 8... e5 9. h3 Nh5 10. Re1 Kh8 11. Rb1 Nf4 12. b4 Nxe2+ 13. Qxe2 cxb4 14. cxb4 d5 {½-½ (73) Michna,M (2398)-Shvayger,Y (2362) Germany 2016}) 9. Rb1 {The position is equal.} b6 10. b4 Nb7 11. h3 Bd7 12. Bd2 Qe8 13. b5 e5 14. Qc1 Nd8 15. Nc4 Qe7 16. a5 Be6 17. Ne3 bxa5 18. c4 Bc8 19. Nd5 Nxd5 20. cxd5 Nb7 21. Ne1 {[%cal Bf3e1,Be1c2,Bc2a3,Ba3c4][%mdl 32]} f5 22. Nc2 f4 23. Qd1 Bd7 24. Na3 Qe8 25. Bg4 Bxg4 26. hxg4 Bf6 27. Nc4 Bd8 28. Qf3 Qd7 29. Rb3 Bb6 30. Ra1 Qc7 31. Qh3 {[%mdl 1024] White has compensation.} Kg7 32. g5 Rf7 33. f3 (33. Nxb6 axb6 34. Rb2 Qe7 $17) 33... Qd8 34. Qg4 (34. Nxb6 axb6 35. Qg4 Ra7 $17) 34... Qc7 35. Kf2 Kg8 36. Ke2 Kg7 37. Rh1 Raf8 38. Bc3 Qe7 39. Ra3 Qe8 (39... Qd8 $11 {keeps the balance.}) 40. Raa1 $40 {[%mdl 128] White mounts an attack.} (40. Nxd6 $1 $16 Nxd6 41. Qe6 Nxe4 42. dxe4 (42. Bxe5+ Nf6 $16) 42... Qxe6 43. dxe6) 40... Qd8 $2 {[%mdl 8192]} (40... Bc7 $14) 41. Rh6 $2 (41. Qh4 Kg8 $11) (41. Rxh7+ $18 Kg8 42. Rh6) 41... Kg8 $16 42. Rah1 $1 Qe7 43. Qh4 Rg7 44. g3 Bd8 45. gxf4 Rxf4 46. Qh3 Rff7 47. Bd2 Qe8 $2 {[#]} (47... Qd7 $16 {was necessary.}) 48. Qc8 $2 ({White has to play} 48. f4 $1 $18 {[%mdl 512]}) 48... Rf8 (48... Qd7 $14 49. Qxd7 Rxd7) 49. Qh3 {[%cal Rh6h7]} Rff7 $1 {[#]} 50. f4 $1 {[%mdl 512]} exf4 51. Bc3 f3+ 52. Kf2 Qf8 $2 (52... Qd7 53. Qxd7 (53. Bxg7 Rxg7 54. Rxg6 Qxh3 $18) 53... Rxd7 54. Bxg7 (54. Kxf3 Rgf7+ 55. Ke2 Rf8 $11) 54... Rxg7) 53. Qg4 $2 (53. Qe6 {White wants to mate with Rxh7!} Bxg5 54. Bxg7 {[%mdl 64] Pin}) 53... a4 $2 (53... Qe7 54. Bxg7 Rxg7) 54. R6h3 $2 (54. Qe6 {Intending Rxh7! and mate.} Bxg5 55. Bxg7 {[%mdl 64] Pin}) 54... a3 $2 (54... Qe8 55. Bxg7 Rxg7 56. Rxf3 Qd7) 55. Ra1 (55. Qe6 $142 {Threatening mate with Rxh7!} Bxg5 56. Bxg7 {[%mdl 64] Pin}) 55... Rf4 56. Qe6+ Rff7 57. Rxf3 Bxg5 58. Bxg7 Kxg7 59. Rxf7+ Qxf7+ 60. Qxf7+ {Accuracy: White = 48%, Black = 32%.} 1-0

[Event "IIFL Wealth 4th Mumbai GM"]
[Site "Mumbai"]
[Date "2019.01.01"]
[Round "3"]
[White "Kulkarni, Vikramaditya"]
[Black "Rahman, Ziaur"]
[Result "0-1"]
[WhiteElo "2345"]
[BlackElo "2468"]
[Annotator "TA"]
[PlyCount "116"]
[EventDate "2018.12.30"]
[EventType "swiss"]
[EventCountry "IND"]
[SourceTitle "playchess.com"]
[Source "ChessBase"]
[SourceQuality "1"]

{[%evp 9,116,-7,27,35,35,20,27,29,31,16,37,51,66,57,41,35,28,21,33,32,37,41,29,31,33,24,75,38,91,91,95,98,108,85,91,87,77,85,110,109,110,90,93,103,132,115,133,122,122,119,114,100,108,110,110,109,108,111,103,31,44,12,10,0,0,6,35,33,96,-159,-147,-444,-435,-408,-404,-235,-215,-523,-479,-423,-442,-928,-912,-691,-378,-610,-601,-476,-164,-640,-290,-293,-290,-1133,-1077,-1197,-625,-1127,-1095,-29975,-29976,-29972,-29972,-29972,-29974,-29966,-10221,-5919,-5642]} 1. c4 e6 2. Nc3 d5 3. d4 Bb4 4. Bf4 (4. a3 Bxc3+ 5. bxc3 Nf6 6. e3 c5 7. Nf3 O-O 8. Be2 dxc4 9. Bxc4 Qc7 10. Be2 b6 11. O-O Bb7 12. Bb2 Nbd7 13. h3 Rfd8 14. a4 Rac8 15. a5 h6 16. axb6 axb6 17. Ra7 Ra8 18. Rxa8 Rxa8 19. c4 Rc8 20. Qb3 Qc6 {½-½ (51) Nepomniachtchi,I (2768)-Inarkiev,E (2690) Satka 2018}) 4... dxc4 5. e3 Nf6 (5... b5 $5) 6. Bxc4 {D31: Queen's Gambit Declined: Semi-Slav without ...Nf6 (+ Marshall Gambit and Noteboom) and Exchange Variation lines without ...Nf6} Nd5 7. Bxd5 exd5 8. Qa4+ $146 {White has an edge.} ({Predecessor:} 8. Nge2 O-O 9. O-O c6 10. Ng3 Nd7 11. Re1 Nf6 12. Bg5 Be7 {0-1 (32) Kumaresan,D (93)-Miller,D (110) Aberystwyth 2014}) 8... Nc6 {[%cal Bb8c6,Bc6a5,Ba5c4][%mdl 32]} 9. Nge2 a6 10. O-O Be6 11. Rac1 O-O 12. Bg3 Bd6 13. Qb3 Na5 14. Qc2 Bxg3 15. hxg3 Nc4 16. Nf4 c6 17. e4 Rc8 (17... Re8 $11 {keeps the balance.}) 18. Rfe1 b5 (18... Re8 $14) 19. exd5 $16 Bxd5 20. Ncxd5 cxd5 21. Qe2 Qd7 {[#]} 22. b3 $1 {[%cal Rb3c4]} Rfe8 23. Qd1 Nb6 24. Rc5 g6 25. Qd2 Rxe1+ 26. Qxe1 Re8 27. Qa5 Qb7 28. Qc3 Qd7 29. Kh2 Kg7 30. Rc7 Rc8 31. Rxd7 {White wants to mate with Ne6+.} Rxc3 {[%mdl 4096] Endgame KRN-KRN} 32. Rd6 ({Of course not} 32. Nxd5 $6 Nxd5 33. Rxd5 Rc2 $11) 32... Nc8 33. Rxa6 Rc2 34. f3 (34. Nxd5 $16 Rxf2 35. Nc3) 34... Ne7 $14 35. Ra7 Nf5 36. Nxd5 Nxd4 37. Kh3 h5 38. Nf4 Ne2 {[#]} (38... Rb2 $14) 39. Ne6+ $2 {[%mdl 8192]} (39. Nxe2 $1 $16 Rxe2 40. a3) 39... Kf6 $17 40. Nd8 $2 {[%mdl 8192]} (40. Nc7 $17) 40... Ng1+ $19 41. Kh4 {[#]} Nxf3+ $1 {[%mdl 512]} 42. Kh3 (42. gxf3 Rh2#) 42... Ne5 {aiming for ...g5.} 43. Ra6+ $2 (43. g4 {was the crucial defense.}) 43... Kg5 44. Rb6 Rc1 {[%cal Rc1h1]} 45. g4 (45. Nxf7+ $142 Nxf7 46. Rxb5+ Ne5 47. g4) 45... hxg4+ 46. Kh2 Rc5 47. a4 $2 (47. Rd6 Kh4 48. g3+ Kg5 49. Kg2) 47... bxa4 48. bxa4 Rc8 $2 (48... Rc2 {And now ...Rd2 would win.} 49. Kg1 Kh4) 49. Nb7 $2 (49. Rb5 Kf4 50. Rb4+ Ke3 51. Rb3+ Kd4 52. Rb4+ Ke3 53. Rb3+ Ke4 54. Rb4+ Kd5 55. Rb5+ Kd4 56. Rb4+ Ke3) 49... f5 (49... Rc2 $142 50. Rb1 f5) 50. Rb5 Nd3 51. Nd6 $2 (51. g3) 51... Rc2 52. Kg3 Ne1 {[%csl Ge1][%cal Rc2g2]} 53. Nf7+ Kf6 54. Nd8 Rxg2+ 55. Kf4 g5+ 56. Ke3 f4+ 57. Ke4 Re2+ 58. Kd5 Rd2+ {Accuracy: White = 38%, Black = 57%.} 0-1

[Event "IIFL Wealth 4th Mumbai GM"]
[Site "Mumbai"]
[Date "2019.01.01"]
[Round "3"]
[White "Ritviz, Parab"]
[Black "Vantika Agrawal"]
[Result "1-0"]
[WhiteElo "2338"]
[BlackElo "2143"]
[Annotator "TA"]
[PlyCount "109"]
[EventDate "2018.12.30"]
[EventType "swiss"]
[EventCountry "IND"]
[SourceTitle "playchess.com"]
[Source "ChessBase"]
[SourceQuality "1"]

{[%evp 21,109,16,26,24,37,18,45,45,107,35,36,26,85,18,44,47,37,40,85,86,79,78,95,95,105,104,373,392,390,389,317,170,338,329,314,328,338,338,313,324,355,361,364,358,464,454,497,514,756,718,1247,510,504,475,683,682,829,680,688,683,680,669,698,704,704,704,971,838,853,852,843,819,853,838,1037,1004,1284,1277,1764,1623,1555,1505,29973,6463,29982,29983,29984,29985,29989,29990]} 1. e4 c5 2. Nf3 Nc6 3. Bb5 g6 4. O-O Bg7 5. c3 Nf6 6. Re1 O-O 7. d4 cxd4 8. cxd4 d5 9. e5 Ne4 10. Nc3 Nxc3 11. bxc3 Na5 {LiveBook: 56 Games} 12. Bd3 {B31: Sicilian: 2...Nc6 3 Bb5 g6} (12. Bg5 Bd7 13. Bd3 Rc8 14. Rc1 Nc4 15. Rb1 b6 16. h3 Na3 17. Rb3 Nc4 18. Qc1 f6 19. e6 Ba4 20. Rb4 fxg5 21. Rxa4 a5 22. Qb1 {½-½ (22) David,A (2608)-Colin,V (2437) Deauville 2010}) 12... Qc7 13. Ba3 Bh6 $146 ({Predecessor:} 13... b6 14. Ng5 Bh6 15. h4 Bxg5 16. hxg5 Re8 17. Qe2 Be6 18. Bb4 Nc4 19. a4 a5 20. Bxc4 dxc4 {1-0 (44) Mishin,A (2310)-Pospelov,S (2268) ICCF email 2011}) 14. Rb1 {White is slightly better.} Be6 (14... Qd8 $14) 15. h3 ({White should play} 15. Bc1 $16 Bg7 16. Bd2) 15... Rac8 16. Bc1 Bg7 {[#]} (16... Bxc1 $11 17. Rxc1 Kg7) 17. Bg5 (17. Ng5 $1 $16) 17... h6 18. Bd2 Nc4 19. Bf4 Qd7 20. Qc1 Kh7 21. Nh4 Rc7 22. Bg3 Rfc8 23. f4 Bxh3 $2 {[%mdl 8192]} (23... Kh8 $16) 24. gxh3 $18 Qxh3 25. Kf2 Nb6 26. Bf1 (26. f5 $142) 26... Qg4 $2 (26... Qd7) 27. Rb3 Na4 {[%cal Rc7c3]} 28. Re3 h5 29. Be2 Qh3 30. Qa3 Nb6 31. Qxa7 Nc4 32. Bxc4 Rxc4 33. Qxb7 {[%mdl 64] [#] Double Attack} R8c7 34. Qxd5 Ra4 35. a3 e6 36. Qg2 (36. Qd8 $142 Rxa3 37. Rxa3) 36... Qg4 37. Qf3 Qh3 (37... Bf8 $142 38. Re2 Rca7 39. Qxg4 hxg4) 38. Re1 Kg8 39. Rh1 Qg4 40. Qxg4 hxg4 41. Ke2 Bf8 42. Ra1 Rca7 43. Ng2 Bxa3 44. Ne3 Be7 45. Rxa4 Rxa4 46. Nxg4 Ra2+ 47. Kf3 Rc2 48. Ne3 Rd2 49. Rb7 Kf8 50. Rb8+ Kg7 51. Re8 Ba3 52. Bh4 {Threatening mate with Bf6+.} g5 53. Bxg5 {White mates.} Kg6 54. Bf6 Bc1 55. Rg8+ {Accuracy: White = 65%, Black = 22%.} 1-0

[Event "IIFL Wealth 4th Mumbai GM"]
[Site "Mumbai"]
[Date "2019.01.01"]
[Round "3"]
[White "Ameir, Moheb"]
[Black "Visakh N R"]
[Result "0-1"]
[WhiteElo "2327"]
[BlackElo "2491"]
[Annotator "TA"]
[PlyCount "144"]
[EventDate "2018.12.30"]
[EventType "swiss"]
[EventCountry "IND"]
[SourceTitle "playchess.com"]
[Source "ChessBase"]
[SourceQuality "1"]

{[%evp 19,144,14,29,32,24,34,47,36,32,-6,0,-18,-14,-38,-29,-77,-39,-53,-68,-50,-7,-9,13,-39,-34,-37,-35,-47,-47,-46,-49,-42,-45,-50,-45,-63,-27,-52,-43,-54,-41,-61,-15,-48,-35,-57,-35,-64,-39,-40,-23,-53,-35,-35,-29,-35,-43,-56,-58,-90,-55,-55,-55,-55,-55,-54,-36,-39,-48,-55,-52,-46,-45,-30,-31,-82,-85,-76,-85,-94,-85,-95,-89,-151,-157,-157,-152,-216,-216,-255,-254,-260,-272,-279,-265,-270,-264,-268,-256,-245,-236,-246,-227,-273,-251,-379,-379,-378,-360,-397,-442,-625,-625,-538,-475,-556,-467,-649,-640,-937,-899,-1631,-1546,-1406,-1172,-29972,-29973]} 1. e4 c5 2. Nf3 d6 3. Bb5+ Nd7 {[%cal Bb8d7,Bd7e5,Be5f3][%mdl 32]} 4. O-O Ngf6 5. Re1 a6 6. Bd3 {B51: Sicilian: Moscow Variation (3 Bb5+) without 3...Bd7} g6 7. c3 Ne5 (7... Bg7 8. Bc2 O-O 9. d4 e5 10. a4 cxd4 11. cxd4 exd4 12. Nxd4 Nc5 {1-0 (33) Jakovenko,D (2748)-Nepomniachtchi,I (2768) Satka 2018}) 8. Bf1 Bg7 9. d4 Nxf3+ 10. Qxf3 Nd7 {LiveBook: 8 Games} 11. Rd1 O-O 12. Be3 Qc7 13. a4 $146 ({Predecessor:} 13. Nd2 b6 14. Qg3 Bb7 15. a4 cxd4 16. cxd4 {1-0 (44) Stephan,J (2489)-Avotins,M (2429) ICCF email 2008}) 13... b6 14. Na3 Bb7 15. d5 f5 16. exf5 Rxf5 17. Qh3 Kh8 18. c4 Bxb2 19. Ra2 Be5 {aiming for ...Rh5.} 20. Be2 $1 Rf7 21. Bg4 (21. Nb1 $11) 21... Bc8 $15 22. Re2 Nf8 23. Bh6 Bxg4 24. Qxg4 Qd7 25. Qxd7 Nxd7 26. Rb1 Kg8 27. h3 Bc3 28. Rb3 Bg7 29. Bg5 $1 Kf8 30. g3 Bf6 (30... h6 $5 {[%cal Rh6g5]} 31. Bc1 g5 $15) 31. Bd2 Ke8 32. Kg2 Kd8 33. Nc2 Kc7 34. f4 h5 35. Na3 Rg8 36. h4 Rb8 37. Re1 Rff8 38. Bc1 Rfe8 39. Bd2 Rb7 40. Bc3 Bxc3 41. Rxc3 Nf6 42. Rce3 Kd7 43. Re6 Kd8 44. R1e2 Rg8 45. Re1 Rg7 46. R1e2 Rb8 47. Re1 (47. Rb2 $15) 47... b5 $17 48. axb5 axb5 49. Nxb5 Nxd5 $1 50. Ra1 {Black must now prevent Ra7.} Nb6 51. Na3 ({White should play} 51. Ra7 Nxc4 {[#]} 52. Nxd6 $1 {[%mdl 512]} Nxd6 53. Rxd6+ $1 {[%mdl 512]} exd6 54. Rxg7) 51... Ra8 {Hoping for ...Nxc4!} 52. Rb1 Kc7 53. Re3 (53. Rb3 $17) 53... Ra4 $19 54. Rc1 Kc6 55. Kf3 Rg8 56. Rec3 Rga8 57. Nb1 Ra1 58. Nd2 Rxc1 59. Rxc1 {[%mdl 4096] Endgame KRN-KRN} Ra3+ 60. Kf2 Ra4 61. Ke3 e6 {[%cal Be7e6,Be6d5,Bd5d4,Bd4d3,Bd3d2][%mdl 32]} 62. Rc2 (62. Kf2 $142) 62... d5 63. cxd5+ exd5 64. Nf3 Nc4+ 65. Kf2 (65. Kd3 $142) 65... d4 66. Re2 Kd5 67. Ne5 Ra6 68. Nd3 Ra3 69. Ne5 d3 70. Re1 d2 71. Rd1 Nxe5 72. fxe5 Rd3 {Precision: White = 43%, Black = 72%.} 0-1

[Event "IIFL Wealth 4th Mumbai GM"]
[Site "Mumbai"]
[Date "2019.01.01"]
[Round "3"]
[White "Elgabry, Mohsen"]
[Black "Sekar, B."]
[Result "1/2-1/2"]
[WhiteElo "2305"]
[BlackElo "2137"]
[Annotator "TA"]
[PlyCount "120"]
[EventDate "2018.12.30"]
[EventType "swiss"]
[EventCountry "IND"]
[SourceTitle "playchess.com"]
[Source "ChessBase"]
[SourceQuality "1"]

{[%evp 9,120,-14,-14,-22,-27,-27,-17,-25,-20,-33,-28,-30,-35,-28,-33,-29,-38,-53,-62,-51,-27,-38,-49,-43,-18,-49,-55,-60,-59,-54,-47,-68,-68,-68,-69,-72,-61,-76,-83,-93,-90,-82,-81,-69,-68,-79,-64,-77,-75,-79,-71,-79,-70,-68,0,-93,-93,-81,-79,-95,-92,-101,-101,-101,-101,-104,-108,-115,-72,-123,-108,-141,-130,-136,-133,-129,-136,-137,-120,-156,-136,-217,-198,-221,-171,-182,-185,-227,-227,-192,0,-164,0,-151,-124,-195,-167,-141,-108,-166,-123,-127,-134,-86,-37,-26,-12,-22,0,-52,0,-24,0]} 1. c4 Nf6 2. Nc3 e5 3. Nf3 Nc6 4. e4 Bc5 5. Be2 d6 {LiveBook: 12 Games} 6. h3 {A28: English Opening: Four Knights Variation} (6. O-O a5 7. d3 h6 8. Be3 O-O 9. h3 Bd7 10. a3 Nd4 11. Bxd4 exd4 12. Nb5 Bxb5 13. cxb5 a4 {½-½ (76) Ynojosa Aponte,F (2399)-Nyzhnyk,I (2616) chess.com INT 2017}) 6... Nd7 $146 ({Predecessor:} 6... O-O 7. d3 h6 8. Be3 Bxe3 9. fxe3 Nh5 10. g4 Ng3 11. Rg1 Nxe2 12. Qxe2 g6 13. O-O-O a6 {1-0 (36) Managadze,N (2458)-Chkhaidze,N (2227) Ureki 2014}) 7. a3 a5 8. d3 {The position is equal.} Nf8 9. Rb1 Ne6 10. Be3 O-O 11. O-O Bd7 12. Qd2 a4 13. Nb5 Re8 14. Bd1 h6 15. Bc2 Ncd4 16. Nbxd4 Bxd4 17. Nxd4 exd4 18. Bf4 $1 Nxf4 19. Qxf4 Qg5 20. Qxg5 hxg5 21. f4 gxf4 22. Rxf4 Re5 23. Rbf1 Be6 24. Bd1 b5 25. cxb5 Rxb5 26. R4f2 f6 27. Rd2 Bb3 28. Bf3 Rab8 29. Rff2 Kf7 30. Bg4 Be6 31. Bd1 Bb3 {...Bxd1 is the strong threat.} 32. Bg4 Ke7 33. h4 Re5 34. Bf3 c5 35. g4 d5 36. exd5 Kd6 37. h5 Bxd5 38. Bd1 Bb3 39. Bf3 (39. Bxb3 $142 Rxb3 40. Kg2) 39... Be6 40. Kh2 Bd5 41. Bd1 Bb3 42. Be2 Re3 43. Kg1 Rbe8 44. h6 gxh6 45. Rxf6+ (45. Rh2 $17) 45... R8e6 $19 46. Rf2 Rg6 47. Kf1 Be6 48. Rh2 Rf6+ 49. Rf2 Rg6 50. Rh2 $1 Bb3 51. Rf2 $1 Rg3 52. Rf4 (52. Ke1 $17) 52... Be6 53. Kf2 Re3 54. Bd1 (54. Rc2 $17) 54... Ke5 55. Rf8 Bxg4 56. Bxa4 Bh3 57. Re8+ Kf4 58. Rf8+ Ke5 59. Re8+ Kf4 {[#] ( -> ...Rg2+)} 60. Rf8+ Ke5 {Accuracy: White = 57%, Black = 70%.} 1/2-1/2

[Event "IIFL Wealth 4th Mumbai GM"]
[Site "Mumbai"]
[Date "2019.01.01"]
[Round "3"]
[White "Sangma, Rahul"]
[Black "Gandhi, Anish"]
[Result "1-0"]
[WhiteElo "2289"]
[BlackElo "2134"]
[Annotator "TA"]
[PlyCount "124"]
[EventDate "2018.12.30"]
[EventType "swiss"]
[EventCountry "IND"]
[SourceTitle "playchess.com"]
[Source "ChessBase"]
[SourceQuality "1"]

{[%evp 11,124,16,20,0,0,-6,0,-6,0,-27,-25,-45,-37,-21,-29,-62,-51,-52,29,-74,68,65,83,87,262,205,290,264,265,124,129,116,76,35,66,55,62,58,67,63,65,66,48,22,27,26,30,29,39,39,90,39,42,20,63,64,62,60,60,27,67,65,65,58,60,62,86,79,112,97,108,73,152,145,143,154,250,244,244,234,296,282,375,374,368,365,358,315,460,450,406,401,467,467,458,456,449,441,651,636,9654,6093,5073,4590,5073,12839,29974,29975,29979,29980,29980,29981,29981,29982,29980]} 1. e4 c5 2. Nf3 d6 3. d4 Nf6 4. dxc5 Nxe4 5. cxd6 Nc6 6. Bd3 Nxd6 {LiveBook: 25 Games. B53: Sicilian: 2...d6: Lines with Qxd4} 7. h3 (7. O-O g6 8. Re1 Bg7 9. c3 O-O 10. h3 Bf5 11. Bxf5 Nxf5 12. Nbd2 Qc7 13. Ne4 Rad8 14. Qe2 b6 15. g4 Nd6 16. Bf4 e5 17. Nxd6 Rxd6 18. Nxe5 {0-1 (32) Anand,V (2786)-Nepomniachtchi,I (2751) Zuerich 2017}) 7... g6 8. c3 Bg7 {The position is equal.} 9. O-O O-O 10. Qe2 $146 ({Predecessor:} 10. Nbd2 f5 11. Nc4 Nf7 12. Bc2 Bf6 13. Bb3 Kg7 {0-1 (48) Asanov,A (2126)-Stukopin,A (2595) Samara 2016}) 10... e5 11. Rd1 {[#]} e4 $1 {[%mdl 512]} 12. Bxe4 Re8 13. Qc2 Rxe4 {[#]} 14. Rxd6 $1 {[%mdl 512]} Qe7 (14... Qxd6 $15 15. Qxe4 Bxh3 $1 {[%mdl 512]}) 15. Nbd2 {[#]} (15. Qd1 $11) 15... Re2 (15... Rf4 $1 $17 16. Rd5 Be6) 16. Qd1 $1 $14 Bf5 17. Nc4 b5 $2 (17... Re6 $16) 18. Bg5 (18. Rxc6 bxc4 19. Bg5 Qe4 $11) 18... f6 (18... Bc2 $142) 19. Ne3 $18 ({Not} 19. Rxc6 bxc4 20. Nd4 Rxb2 $18) ({But not} 19. Qd5+ $6 Be6 $16) 19... fxg5 20. Nxf5 (20. Rxc6 $18 {and the rest is easy.} Rxe3 21. fxe3) 20... gxf5 $16 21. Qd5+ Kh8 {White should prevent ...Rd8.} 22. Rxc6 Rf8 {aiming for ...g4.} 23. Rf1 g4 $1 {[%cal Rg4f3]} 24. Nd4 Re5 25. Qd6 gxh3 26. Qxe7 (26. gxh3 Qg5+ 27. Kh1 Qh4 $19) 26... Rxe7 27. gxh3 Bxd4 28. cxd4 $14 {[%mdl 4096] Endgame KRR-KRR} Rg8+ 29. Kh1 Rd8 30. Rc5 Rxd4 (30... a6 $14) 31. Rxf5 ({White should try} 31. Rxb5 $16 Rd3 32. Kh2 (32. Rxf5 Rxh3+ 33. Kg2 Rd3 $14)) 31... a6 32. Rf6 Rd3 33. Rxa6 Rxh3+ 34. Kg2 Rd3 35. Rg1 Re5 36. Ra8+ Kg7 37. Kf1+ Kf6 {Strongly threatening ...Rd1+.} 38. Rgg8 Rd1+ 39. Kg2 Re7 40. Raf8+ Ke6 41. Rg5 Rb7 ({Better is} 41... Rd5 42. Rg4 Red7) 42. Rgf5 $16 Rg7+ 43. Kf3 b4 (43... Rb1 $16 {was worth a try.}) 44. R8f6+ $18 Ke7 45. Rb6 Rd4 {[#]} 46. Rf4 $1 {[%cal Rf4d4]} Rxf4+ 47. Kxf4 {Rb7+ is the strong threat. KR-KR} Rg2 48. Kf3 Rg1 {If Black can now play ...Ra1 this consolidates a bit.} 49. Rxb4 h5 (49... Kd6 $142 50. a4 h5) 50. Rb5 h4 51. Rh5 Rb1 52. b3 Rb2 53. Rxh4 Rxa2 54. Re4+ Kd6 (54... Kf6 $142 55. b4 Rb2) 55. Kg3 Rb2 56. Re3 Kd5 57. f4 {[%cal Bf2f4,Bf4f5,Bf5f6,Bf6f7][%mdl 32]} Kd4 58. Rf3 Ke4 59. f5 {White mates.} Rc2 60. f6 Rc8 61. f7 Rf8 62. Kg4 Kd5 {Accuracy: White = 58%, Black = 31%.} 1-0

[Event "IIFL Wealth 4th Mumbai GM"]
[Site "Mumbai"]
[Date "2019.01.01"]
[Round "3"]
[White "Sarwat, Walaa"]
[Black "Vatsal Singhania"]
[Result "0-1"]
[WhiteElo "2276"]
[BlackElo "2130"]
[Annotator "TA"]
[PlyCount "58"]
[EventDate "2018.12.30"]
[EventType "swiss"]
[EventCountry "IND"]
[SourceTitle "playchess.com"]
[Source "ChessBase"]
[SourceQuality "1"]

{[%evp 23,58,-12,2,-21,-18,-72,-57,-82,-90,-193,-182,-174,-199,-497,-518,-570,-562,-552,-558,-904,-902,-882,-708,-710,-706,-690,-692,-692,-652,-668,-664,-621,-637,-1464,-1393,-29981,-29981]} 1. Nf3 d5 2. g3 Nf6 3. Bg2 e6 4. O-O Be7 5. c4 O-O 6. d4 dxc4 7. Qa4 a6 8. Qxc4 b5 9. Qc2 Bb7 10. Bf4 Nc6 {[%cal Bb8c6,Bc6b4,Bb4d5][%mdl 32]} 11. Rd1 Nb4 12. Qc1 Nbd5 {LiveBook: 64 Games. E05: Open Catalan: 5 Nf3 Be7} 13. Bd2 (13. Nc3 Nxf4 14. Qxf4 Qb8 15. Rac1 Rc8 16. Ng5 Bxg2 17. Kxg2 c5 18. dxc5 Qxf4 19. gxf4 Rxc5 20. e3 Rac8 21. Nf3 {½-½ (34) Ftacnik,L (2558)-Kryvoruchko,Y (2706) Czechia 2014}) 13... Rc8 14. Nc3 (14. Ba5 $11) 14... c5 $17 {And now ...cxd4 would win.Black is better.} 15. dxc5 Bxc5 {Hoping for ...b4.} 16. e4 $146 (16. Be1 $17) ({Predecessor:} 16. a3 Qb6 17. e3 Nxc3 18. Bxc3 Ne4 19. Ne5 Nxc3 20. Qxc3 Bxg2 21. Kxg2 Bd6 22. Qd4 Qxd4 23. exd4 Rc2 24. Nd3 Rd8 25. b4 Be7 26. Ne5 Bf6 27. Kf3 Kf8 {½-½ (27) Hernandez Leon,A (2235)-Machin Arbelo,P (2134) El Sauzal 2008}) 16... Nxc3 $19 17. Bxc3 Qb6 18. Qg5 $2 (18. Be1) 18... Bxf2+ 19. Kh1 {[#]} Rxc3 $1 {[%mdl 512]} 20. bxc3 Nxe4 21. Qh5 {[#]} Be1 $1 {[%mdl 512] ( -> ...Nf2+)} 22. Nd4 (22. Rxe1 Nf2+) 22... Nf2+ 23. Kg1 Nxd1 24. Rxd1 Bxc3 25. Bxb7 Bxd4+ 26. Kf1 Qxb7 27. Rxd4 Rc8 {Threatens to win with ...Qh1+.} 28. Kf2 Qb6 29. Qh4 e5 {Accuracy: White = 13%, Black = 97%.} 0-1

[Event "IIFL Wealth 4th Mumbai GM"]
[Site "Mumbai"]
[Date "2019.01.01"]
[Round "3"]
[White "Balasubramaniam H"]
[Black "Lugovskoy, Maxim"]
[Result "1-0"]
[WhiteElo "2270"]
[BlackElo "2445"]
[Annotator "TA"]
[PlyCount "37"]
[EventDate "2018.12.30"]
[EventType "swiss"]
[EventCountry "IND"]
[SourceTitle "playchess.com"]
[Source "ChessBase"]
[SourceQuality "1"]

{[%evp 21,37,10,28,11,29,7,10,0,0,0,332,314,437,423,1367,1368,1266,877]} 1. e4 e6 2. d4 d5 3. Nc3 Bb4 4. exd5 exd5 5. Bd3 Ne7 6. Nge2 {[%cal Bg1e2,Be2g3,Bg3h5,Bh5f6][%mdl 32]} Bf5 7. O-O Nbc6 8. a3 Bxc3 9. bxc3 O-O 10. Ng3 {C01: French: Exchange Variation} Bxd3 11. cxd3 Qd7 {LiveBook: 11 Games} 12. a4 {White has an edge.} Rfe8 13. Qf3 {[#]} Ng6 $146 ({Predecessor:} 13... b6 14. Nh5 Qf5 15. Bf4 Ng6 16. g4 Qe6 17. Bxc7 Rac8 {1-0 (32) Negulescu,A (2395)-Farago,I (2535) Warsaw 1987}) 14. Rb1 b6 15. Nh5 {Threatens to win with Bh6!} Na5 $2 {[%mdl 8192] [#]} (15... Qe6 $11) 16. Bh6 $1 $18 {[%mdl 512] Strongly threatening Nf6+!} Nh4 (16... gxh6 17. Nf6+) 17. Qg3 {[%csl Gh5,Gh6][%cal Rg3g7] White is clearly winning.} Nf5 (17... Ng6 $142 18. Nxg7 Re7) 18. Nf6+ {[%mdl 64] Double Attack} Kh8 {[#]} 19. Bxg7+ $1 {[%mdl 512]} 1-0